000 00483nam a2200181Ia 4500
005 20250508160353.0
008 008 250505s9999 xx 000 0 hin d
037 _aTextual
040 _aFEDL
_beng
_cFEDL
041 _ahin
_2eng
084 _a910.7, NCE
_qFEDL
245 0 _aPrayogatmak bhugol
245 0 _cNational Council of Educational Research and Training
260 _c1972
300 _a124p.
942 _cTEXL
_h910.7, NCE
999 _c1364141
_d1364141